Nhật Bản trong chiến tranh Thái Bình Dương

Wedi'i Gadw mewn:
Manylion Llyfryddiaeth
Awduron Eraill: Lê, Kim (Biên dịch)
Fformat: Llyfr
Iaith:English
Vietnamese
Cyhoeddwyd: Hà Nội Công An nhân dân 2004
Pynciau:
Tagiau: Ychwanegu Tag
Dim Tagiau, Byddwch y cyntaf i dagio'r cofnod hwn!
Thư viện lưu trữ: Trung tâm Học liệu Lê Vũ Hùng, Trường Đại học Đồng Tháp
LEADER 00751pam a22002298a 4500
001 00041572
008 170505s1996 ||||||engsd
005 20180613170648.0
020 # # |c 34000 
041 0 # |a vie 
082 0 4 |a 952.03  |b NH124B 
245 1 0 |a Nhật Bản trong chiến tranh Thái Bình Dương  |c Nhiều tác giả; Lê Kim (biên dịch) 
260 # # |a Hà Nội  |b Công An nhân dân  |c 2004 
300 # # |a 359 tr.  |c 19 cm. 
653 # # |a Chiến tranh 
653 # # |a Thái Bình Dương 
653 # # |a Nhật Bản 
653 # # |a Lịch sử 
700 1 # |a Lê, Kim  |e Biên dịch 
852 # # |j KD.0023882 
910 |d 11/06/2018 
980 # # |a Trung tâm Học liệu Lê Vũ Hùng, Trường Đại học Đồng Tháp